logo

Bir Sreshtho Munshi Abdur Rouf Library
Jhenaidah Cadet College

আপনার সন্তান লেখাপড়ায় অমনোযোগী কেন / (Record no. 1510)

MARC details
000 -LEADER
fixed length control field 00710nam a2200229 a 4500
001 - CONTROL NUMBER
JCCL Control Number 1510
003 - CONTROL NUMBER IDENTIFIER
JCCL marc code BD-JhCC
005 - DATE AND TIME OF LATEST TRANSACTION
control field 20171021100412.0
008 - FIXED-LENGTH DATA ELEMENTS--GENERAL INFORMATION
fixed length control field 171021s2006 bg |||| ||a| 000 0 ben d
020 ## - INTERNATIONAL STANDARD BOOK NUMBER
International Standard Book Number 9844220041
035 ## - SYSTEM CONTROL NUMBER
system control number (BD-JhCC) 1510
040 ## - CATALOGING SOURCE
Original cataloging agency BD-JhCC
Modifying agency BD-JhCC
041 ## - LANGUAGE CODE
Language code of Book ben
082 ## - DEWEY DECIMAL CLASSIFICATION NUMBER
Classification number 370.15
Author mark and Year ISL 2006
100 ## - MAIN ENTRY--PERSONAL NAME
Personal name ইসলাম, জুলফিয়া
245 ## - TITLE STATEMENT
Title আপনার সন্তান লেখাপড়ায় অমনোযোগী কেন /
Statement of responsibility, etc জুলফিয়া ইসলাম
260 ## - PUBLICATION, DISTRIBUTION, ETC. (IMPRINT)
Place of publication, distribution, etc ঢাকা:
Name of publisher, distributor, etc বিদ্যা,
Date of publication, distribution, etc 2006
300 ## - PHYSICAL DESCRIPTION
Pagination 150 p .:
Dimensions 22 cm.
650 ## - SUBJECT ADDED ENTRY--TOPICAL TERM
Topical term or geographic name as entry element Education Psychology
942 ## - ADDED ENTRY ELEMENTS (KOHA)
Source of classification or shelving scheme Dewey Decimal Classification
Koha item type Books
Holdings
Source of classification or shelving scheme Damaged status Not for loan Home library Current library Shelving location Date of accession Cost, normal purchase price Total Checkouts Full call number Barcode Date last seen Copy number Koha item type
Dewey Decimal Classification     JCC Rouf Library JCC Rouf Library General Stacks 10/21/2017 120.00   370.15 ISL 2006 2241 10/21/2017 C-1 Books

JCC Library | Contacts | JCC Home

Last Update on 23 September 2017
Copyright @ 2017-2020 JCC Rouf Library
Rouf Library, Jhenidah Cadet College (JCC), Bangladesh